000 00468 a2200169 4500
999 _c3084
_d3084
020 _a9789351113058
050 _aHD57.7 HUS 2014
100 _aHusher, Thomas
_eauthor
245 _aTeam leadership and management /
_cThomas Husher
264 _aNew Dehli
_bRandom Publications
_c2014
300 _a336p.
500 _aIncludes index
650 _aPersonnel management
650 _aTeams in the workplace
650 _aLeadership
942 _2lcc
_cBK
_h57.7
_iHUS
_kHD